Improved patient survival following surgery for coarctation of the aorta

Bibliographic Details
Main Authors: Omeje, Ikenna (Author), Valentikova, M. (Author), Kostolny, M. (Author), Sagat, M. (Author), Nosáľ, Matej, 1971- (Author), Siman, Jaroslav, 1933-2008 (Author), Hraska, V. (Author)
Format: Article
Language:Slovak
English
PhysicalDescription:Grafy, obr., tab.
ISSN:0006-9248
Subjects:

MARC

LEADER 00000nab a2200000 a 4500
001 vtls000855035
003 SK-MaSNL
005 20260304131517.0
008 250429c2003 xo 0 slo
015 |a SNBRB2003/12-35437 
035 |a CLN000206690 
035 |a urn:nbn:sk:snk-abr9v 
035 |a (urnnbn)urn:nbn:sk:snk:ar-a03fwe 
035 |a (uuid)290db0c2-d1cb-4650-b102-3b872f9c650e 
040 |a SNKBUCL  |b slo  |c SNKBUCL  |e AACR2 
041 0 |a eng 
044 |a xo  |c SK 
080 |a 616.12-007-07-089  |2 1997 
245 0 0 |a Improved patient survival following surgery for coarctation of the aorta  |c I.C. Omeje ... [et al.] 
300 |b Grafy, obr., tab. 
504 |a Res. angl. 
504 |a Bibliogr. odkazy 
650 0 7 |a koarktácia aorty  |2 MESH  |9 72719 
650 0 7 |a výkony chirurgické kardiovaskulárne  |2 MESH  |9 1297485 
650 0 7 |a prežívanie  |2 MESH  |9 448523 
650 0 7 |a štúdie klinické  |2 MESH  |9 840835 
650 0 7 |a dieťa hospitalizované  |2 MESH  |9 868038 
650 0 7 |a štúdie longitudinálne  |2 MESH  |9 874873 
655 7 |a články z novín a časopisov  |2 snkbucl  |9 267496 
700 1 |a Omeje, Ikenna  |4 aut  |9 22525 
700 1 |a Valentikova, M.  |4 aut  |9 853032 
700 1 |a Kostolny, M.  |4 aut  |9 916316 
700 1 |a Sagat, M.  |4 aut  |9 687345 
700 1 |a Nosáľ, Matej,  |d 1971-  |4 aut  |9 207596 
700 1 |a Siman, Jaroslav,  |d 1933-2008  |4 aut  |9 18566 
700 1 |a Hraska, V.  |4 aut  |9 1140088 
773 0 |t Bratislavské lekárske listy  |g Vol. 104, no. 2 (2003), s. 73-77  |x 0006-9248 
850 |a Slovenská národná knižnica 
852 |a Slovenská národná knižnica 
958 |a article27 
958 |a NB 
958 |a MI 
958 |a OND 
958 |a EUIPO 
992 |a RBX 
999 |c 2897028  |d 2898958